[Event "Ciocaltea Memorial"]
[Site "Bucharest"]
[Date "1999.03.09"]
[Round "6"]
[White "Rogozenco, Dorian"]
[Black "Ionescu, Constantin"]
[Result "1/2-1/2"]
[WhiteElo "2557"]
[BlackElo "2482"]
[Annotator "Rogozenco,D"]
[PlyCount "81"]
[EventDate "1999.03.04"]
[EventType "tourn"]
[EventRounds "13"]
[EventCountry "ROU"]
[EventCategory "10"]
[SourceTitle "CBM 070"]
[Source "ChessBase"]
[SourceDate "1999.06.08"]
[SourceVersion "1"]
[SourceVersionDate "1999.06.08"]
[SourceQuality "1"]

1. Nf3 c5 2. c4 Nf6 3. Nc3 b6 4. g3 Bb7 5. Bg2 g6 6. O-O Bg7 7. d4 cxd4 8. Qxd4
d6 {Double fianchetto is a solid system for Black, which recently became
popular again. White has space advantage, but it´s very difficult to break
through.} 9. Be3 (9. b3 {/\ Bb2 is another plan here.}) 9... Nbd7 10. Rac1 Rc8
{Black usually waits a bit with the castle. The idea is to prevent 10.Qh4.} (
10... O-O 11. Qh4 Rc8 12. b3 a6 13. Bh6 (13. Rfd1) (13. Bh3) 13... Rc5 14. Bxg7
Kxg7 15. Qd4 Qa8 16. Rfd1 b5 $13 {1/2-1/2 Yermolinsky Alex-Kasparov Gary/Wijk
aan Zee, blitz (Netherlands) 1999 (36)}) 11. b3 (11. Rfd1 O-O 12. Qh4 Re8 (
12... a6 13. b3 Rc7 14. g4 $5 h6 15. h3 g5 16. Qg3 b5 17. h4 $13 {1/2-1/2
Kramnik,V-Karpov,A/Dos Hermanas ESP 1999 (33)}) 13. b3 a6 14. Bh3 Rc7 15. Bh6
Rc5 16. Bxg7 Kxg7 17. Qd4 Kg8 18. b4 Rc7 19. Nd5 Nxd5 20. cxd5 Nf6 21. e4 b5
22. Qe3 Bc8 23. Rxc7 Qxc7 24. Rc1 Qb8 25. Bg2 $14 {1/2-1/2 Kramnik,V-Karpov,A/
Monaco 1994/CBM 40 ext (58)}) (11. Qh4 $6 h6) 11... O-O 12. Qd2 a6 (12... Ne4
13. Nxe4 Bxe4 14. Bh3 Qc7 15. Nd4 Rcd8 16. Nb5 Qb8 17. Nc3 Ba8 18. Bg2 Bxg2 19.
Kxg2 Qb7+ 20. Qd5 $14 {1-0 Petrosian,A-Vehi Bach,V/Groningen 1990/CBM 22 (63)})
(12... Nc5 $5 {/\Nfe4.}) 13. Bh3 Rc7 (13... Rb8 14. Nd4 Ne4 15. Nxe4 Bxe4 16.
Rfd1 $14 {1-0 Kortschnoj,V-Eingorn,V/Zagreb 1987/CBM 04 (77)}) 14. Nd4 Ne4 15.
Nxe4 Bxe4 16. f3 (16. Rfd1 Ba8 (16... Qb8) 17. Nc2 $1 Nc5 (17... b5 18. Na3 $1
$14) 18. Nb4 $14 {0-1 Ionescu,C-Hulak,K/Kastel Stari 1988(55)}) 16... Bb7 17.
Rfd1 (17. Nc2 $1 {Probably this was more accurate. In the game Black came very
close to equality.} b5 18. Na3 bxc4 19. Nxc4 $14) 17... Qb8 $1 18. Nc2 b5 $1 {
Otherwise after Nc2-b4-d5 White has a big advantage.} 19. Na3 bxc4 20. Nxc4 Ne5
{Using tactics for exchanging the Knights.} 21. Nxe5 (21. Na5 $2 Bxf3 $1 $19)
21... Rxc1 22. Rxc1 Bxe5 23. Qb4 (23. Bd4 Bxd4+ 24. Qxd4 Bc8 25. Bxc8 Rxc8 26.
Rc4 a5 27. a3 $1 {/\ Qc3,b4, and although draw is the most probable result,
Black still faces some problems.}) 23... e6 24. f4 Bg7 25. Bg2 d5 $8 (25...
Bxg2 $2 26. Qxb8 Rxb8 27. Kxg2 $16) 26. Bd4 Rc8 27. Rxc8+ Qxc8 28. Bxg7 Kxg7
29. Qd4+ Kg8 $2 (29... f6 {This was necessary. Now White has again an
advantage.}) 30. b4 $1 {By fixing Black pawns on light squares White prepares
for the possible Queen´s swap. The endgame without Queens would be very
dangerous for Black. On the other hand White´s Queen on d4 is extremely
powerful, so Black´s choice is quite unpleasant.} Qc1+ 31. Kf2 Bc6 32. Bf3 Bb5
{with a draw offer. But White has a very simple plan to improve the position:
the march of h-pawn. In fact I think that Black faces big difficulties.} 33. h4
h5 (33... Qc4 34. Qxc4 Bxc4 (34... dxc4 35. Ke3 c3 36. Be4 $18) 35. a4 {
Looks very dangerous for Black.} d4 (35... Kf8 36. Ke3 Ke7 37. Kd4 Kd6 38. e4
dxe4 39. Bxe4 $16) (35... f6 36. e4 d4 37. e5 Kf7 38. Be2 d3 39. Bd1 $18) 36.
e3 $18) 34. f5 $1 gxf5 $6 (34... exf5 35. Bxd5 Qc2 {would have been a tougher
defence. However, after} 36. Qe5 Qd2 37. a3 {White is much better.} Kf8 {
What else?} 38. Bb3 $16) 35. Bxh5 $2 {Careless move in time trouble which
allows Black´s Queen to create counterplay.} (35. Qf6 $1 $16 {After the
inevitable 36.Bh5, Black must defend the f7 pawn, after which White returns
with the Bishop on f3 and plays h4-h5-h6. In this case White would have
serious winning chances.}) 35... Qh1 $1 $11 36. Qe3 (36. Qf6 Qh2+ 37. Kf1 Qh1+
{with perpetual.}) 36... Qh2+ 37. Kf1 Qh1+ 38. Kf2 Qh2+ 39. Ke1 Qh1+ 40. Kd2
Qa1 $1 41. Qg5+ (41. Qg5+ Kf8 (41... Kh7 42. Qe7 Qd4+ 43. Ke1 Qg1+ 44. Kd2 Qd4+
$11) 42. Qd8+ Be8 43. Qa5 Bb5 44. Qd8+ $11) 1/2-1/2

[Event "Bundesliga 0203"]
[Site "Germany"]
[Date "2003.01.11"]
[Round "8.1"]
[White "Rogozenco, Dorian"]
[Black "Lutz, Christopher"]
[Result "0-1"]
[WhiteElo "2520"]
[BlackElo "2645"]
[Annotator "Rogozenco,D"]
[PlyCount "96"]
[EventDate "2002.10.19"]
[EventType "team-tourn"]
[EventRounds "15"]
[EventCountry "GER"]
[SourceTitle "CBM 093"]
[Source "ChessBase"]
[SourceDate "2003.04.01"]
[SourceVersion "1"]
[SourceVersionDate "2003.04.01"]
[SourceQuality "1"]
[WhiteTeam "Neukoelln"]
[BlackTeam "Porz"]
[WhiteTeamCountry "GER"]
[BlackTeamCountry "GER"]

1. Nf3 Nf6 2. c4 e6 3. Nc3 c5 4. g3 b6 5. Bg2 Bb7 6. O-O Be7 7. d4 cxd4 8. Qxd4
d6 9. b3 O-O 10. Rd1 Nbd7 11. e4 Qc8 {The point of this move is to avoid an
worse endgame after:} (11... Qc7 12. Ba3 Nc5 13. e5 $1 dxe5 14. Qxe5 $14) 12.
Bb2 a6 13. h3 Re8 14. Rac1 Qc7 15. Qe3 (15. Ba3 Nc5 16. Nd2 Rad8 17. Qe3 Qb8
18. b4 Ncd7 19. Bb2 $13 {1/2-1/2 Espig,L-Pelletier,Y/Germany 2001 (34)}) 15...
Rac8 16. Re1 Bf8 17. e5 $6 {Disappointed with the opening outcome (one can use
White's play in this game to show how one should not play against Hedgehog), I
decided "to make a draw". Although White must be able to reach it after 17.e5,
the whole game produces a sad impression of White's play.} (17. Re2 Nc5 (17...
d5 18. e5) 18. Nd4 g6 19. Rce1 $11) 17... dxe5 18. Nxe5 Bxg2 19. Kxg2 Nxe5 20.
Qxe5 Qc6+ 21. Kg1 (21. f3 $5) 21... Red8 22. Rcd1 h6 23. Rd4 {With some
unrealistic attacking ideas.} Rxd4 (23... Bc5 24. Rh4) 24. Qxd4 b5 25. cxb5
axb5 {Black's position is slightly preferable, but not more than that. The
next move is "the logical continuation" of White's uninspired strategy of the
whole game.} 26. a3 $4 {[%mdl 8192]} (26. a4 bxa4 $1 (26... b4 27. Ne4 Nxe4 (
27... Nd5 28. Rc1 Qb7 29. Rxc8 Qxc8 30. Qd3) 28. Qxe4 Qxe4 29. Rxe4 Rc2 30. Bd4
Ra2 31. Bb6 Ra3 32. Re3) (26... Bc5 27. Qd3 b4 28. Nb5 $13 {[%cal Gb2d4]} (28.
Ne4 Nxe4 29. Qxe4 Qxe4 30. Rxe4 Rd8 $1 $36)) 27. Nxa4 (27. Qxa4 Qb7 $15) (27.
bxa4 Bc5 $1 28. Qh4 Bxf2+ 29. Kxf2 Qb6+ $19) 27... Rb8 $15) (26. Ne4 Nxe4 (
26... Nd5 27. Rc1 Qb7 28. Rxc8 Qxc8 29. Nc3) 27. Rxe4 b4 (27... Qc2 28. Rg4 f6
29. Qd7 e5 30. Ba3 $36) (27... Rd8 28. Qxd8 Qxe4 29. Bd4 $13) 28. Rg4 Kh8 29.
Qd2 {[%cal Gd2h6]} (29. Rxg7 $2 e5 30. Qxe5 f6 $19) 29... f6 30. Rc4 Qb7 31.
Rxc8 Qxc8 32. Bd4 e5 33. Be3 $15) 26... Bxa3 $19 {White loses an important
pawn and several tempis. The position is absolutely lost after this blunder.}
27. Ne4 (27. Bxa3 Qxc3 $19) 27... Be7 28. Rc1 Qa8 29. Rxc8+ Qxc8 30. b4 Qc2 31.
Nc5 Bf8 32. Kf1 Qf5 33. h4 Qd5 34. Qxd5 Nxd5 35. Ba3 Bd6 36. Ke2 Kf8 37. Kd3
Ke7 38. Kd4 f5 39. Nd3 Kf6 40. Nc5 Be5+ 41. Kd3 Ke7 42. Ke2 Bc3 43. Nd3 e5 44.
f3 Kd6 45. g4 fxg4 46. fxg4 e4 47. Nc5 Ke5 48. Na6 Nf4+ 0-1

[Event "Hoogeveen Unive op 18th"]
[Site "Hoogeveen"]
[Date "2014.10.16"]
[Round "7"]
[White "Roiz, Michael"]
[Black "Hansen, Eric"]
[Result "1-0"]
[WhiteElo "2585"]
[BlackElo "2574"]
[Annotator "Roiz,M"]
[PlyCount "59"]
[EventDate "2014.10.11"]
[EventType "swiss"]
[EventRounds "9"]
[EventCountry "NED"]
[SourceTitle "CBM 163"]
[Source "ChessBase"]
[SourceDate "2014.11.11"]
[SourceVersion "1"]
[SourceVersionDate "2014.11.11"]
[SourceQuality "1"]

{Eric has a good statistics in the Grünfeld Defence, so I was glad to enter
the English.} 1. Nf3 c5 2. c4 Nf6 3. g3 g6 4. b3 {Deviating from the main
theoretical lines.} ({A fashionable symmetrical position may arise after} 4.
Bg2 Bg7 5. O-O (5. d4 cxd4 6. Nxd4 O-O 7. Nc3 Qc7 {is another explored stuff,
which is quite comfortable for Black nowadays}) 5... O-O 6. d4 cxd4 7. Nxd4 d5
8. cxd5 Nxd5) 4... b6 {The fianchetto is one of Black's most solid responses
here.} (4... Bg7 5. Bb2 O-O 6. Bg2 Nc6 7. O-O {leads to a long strategic
battle, while} d5 8. cxd5 Nxd5 9. Bxg7 Kxg7 10. d4 $1 $14 {can hardly suit any
agressive player.}) 5. Bg2 Bb7 6. Bb2 Bg7 7. O-O d6 (7... O-O 8. Nc3 d6 {
is a more common order of moves here.} (8... Na6 $5 {is another solid
alternative, which was played by Garry Kasparov against Anatoly Karpov in the
World Championship match.})) 8. Nc3 O-O 9. d4 {Obviously, White can hardly
fight for any opening advantage without this thematic advancement. However, it
was possible to delay it.} ({I guess, Black shouldn't face any problems after} 
9. e3 Nbd7 10. d4 (10. Qe2 a6 11. d4 e6 12. Rfd1 Qc7 13. Rd2 Rad8 14. Rad1 Rfe8
$11 {1/2-1/2 Landa,K (2609)-Sasikiran,K (2652)/Vlissingen 2005/CBM 107 ext (15)
}) 10... Ne4 11. Rc1 Nxc3 12. Bxc3 cxd4 13. Bxd4 Nf6 14. Qe2 Rc8 $11 {1/2-1/2
Buhmann,R (2584)-Kryvoruchko,Y (2679)/Muelheim GER 2012 (53)}) 9... cxd4 (9...
Ne4 10. Nxe4 Bxe4 11. Qd2 cxd4 12. Bxd4 Nd7 13. Bxg7 Kxg7 {leads to a slightly
passive, but solid position.}) 10. Nxd4 Bxg2 11. Kxg2 {White is planning to
fix the space advantage by means of e2-e4 and f3-f3, followed by Nc3-d5 at
some point.} d5 {No doubt, this is the most principled approach.} ({The
following alternatives were quite satisfying for me, as they give White some
space advantage:} 11... a6 12. Nd5 b5 13. Qd3 $1 (13. Nxf6+ $6 Bxf6 14. Rc1 Qb6
15. Qd2 Nd7 16. cxb5 axb5 17. Nc6 Nc5 $15 {0-1 Manea,A (2381)-Giri,A (2717)/
Plovdiv 2012/CBM 148 (42)}) 13... bxc4 14. Qxc4 Nxd5 15. Qxd5 Ra7 16. Rac1 $14)
(11... Qc8 12. e3 (12. e4 Qb7 13. Qe2 a6 14. f3 Nbd7 15. Rad1 Rfe8 16. Rf2 e6
17. Qf1 d5 $11 {1/2-1/2 Deepan Chakkravarthy,J (2468)-Romanov,E (2623)/
Philadelphia 2012/CBM 149 Extra (21)}) 12... Qb7+ 13. Qf3 Qxf3+ 14. Kxf3 Rc8
15. Rac1 $14 {1-0 Hausrath,D (2528)-Popovic,P (2496)/Germany 2009/EXT 2010 (35)
}) 12. cxd5 ({I rejected} 12. e3 dxc4 13. Qf3 Na6 14. Ba3 Nc5 $1 15. bxc4 Rc8
16. Rfd1 Qe8 $11 {when Black has a preferable pawn structure.}) 12... Nxd5 {
The position which has arisen was new for both players, but we were still on
well known paths!} 13. e3 $6 ({For some reasons, I didn't like} 13. Rc1 {
but objectively speaking, Black's task is more difficult in that case. In fact,
he had to find} Bh6 $1 ({None of the other moves guarantees equality:} 13...
Nxc3 14. Bxc3 Qd5+ 15. Nf3 $14 {1/2-1/2 Lukacs,P (2450)-Pinter,J (2445)/
Kecskemet 1977/EXT 1998 (15)}) (13... a6 14. Nf3 Nb4 15. a3 Qxd1 16. Rfxd1 N4c6
17. Na4 $14 {1-0 Teske,H (2526)-Dobosz,H (2457)/Muehlhausen 2004/CBM 100 ext 
(41)}) (13... Nb4 14. e3 e5 15. Ndb5 Nd3 $140 16. Ba3 $1 Nxc1 17. Bxf8 Qxf8 18.
Nc7 Na6 19. Nxa8 Nxa2 20. Nxa2 Qxa8+ 21. Kg1 $16) 14. Rb1 Nxc3 15. Bxc3 Qd5+
16. Nf3 Qe4 17. Qd4 Qxd4 18. Bxd4 Nc6 $11) (13. Ndb5 Nxc3 14. Bxc3 Bxc3 15.
Nxc3 Nc6 16. Rc1 Rc8) 13... Nxc3 {This natural move was played rapidly.} ({
At the same time, an even simpler try would be} 13... Na6 $1 {completing
development without any problems} 14. Ndb5 (14. Nxd5 Qxd5+ 15. Kg1 Nc5 $15 {
0-1 Ivanov,N (1978)-Bazhenov,V (1936)/Izhevsk 2010/EXT 2012 (27)}) 14... Nxc3
15. Bxc3 Bxc3 16. Nxc3 Rc8 $11) 14. Bxc3 Qd5+ {Eric doesn't mind swapping the
queens.} (14... Bxd4 $5 {was also good enough:} 15. Qxd4 Qxd4 16. Bxd4 Nc6 $11)
({Or} 14... Na6 $11) 15. Qf3 Qxf3+ 16. Kxf3 Rc8 ({Correctly deviating from
being somewhat exposed after} 16... e5 $6 17. Nb5 $1 (17. Ne2 f5 18. Rac1 Nc6
$11 {1-0 Abramovic,B (2471)-Bojarinov,V (2343)/Plovdiv BUL 2013 (61)}) 17... a6
18. Nc7 Ra7 19. Nd5 $14) ({However, there was nothing wrong with:} 16... Nd7
17. Rac1 (17. Rfd1 Rac8 18. Rac1 Rfd8 $11 {1/2-1/2 Domotor,J (2070)-Gaber,J 
(2205)/Zalakaros 1998/EXT 2002 (30)}) 17... Rac8 18. Bb4 Bf6 19. Rfd1 Rfe8 20.
Ke2 Rxc1 21. Rxc1 Bxd4 22. exd4 Nf6 $11 {1/2-1/2 Ippolito,D (2409)-Friedel,J 
(2507)/Rockville USA 2014 (23)}) 17. Rac1 Nd7 $6 {This inaccuracy is the first
cause of Black's troubles in this simple endgame.} ({After} 17... Bxd4 18. Bxd4
Nc6 $11 {White's advantage would be symbolic here, and the game should be
drawn soon.}) 18. Rfd1 a6 ({Now the exchange doesn't fully equalise:} 18...
Bxd4 19. Bxd4 f6 20. Bb2 Nf8 21. e4 Ne6 22. Ke3 $14) 19. Ne2 $1 {An
improvement over 1 old preceding game. Now White's pieces are much more active,
so Black must be careful.} (19. Bb4 {1/2-1/2 Raicevic,V-Davidovic,A (2400)/Nis
1987/EXT 2003 (33)} Bxd4 20. exd4 e6 $11) 19... Bxc3 (19... Ra7 20. Bxg7 Rxc1
21. Rxc1 Kxg7 22. Rc8 Ne5+ 23. Kg2 Nd3 24. Nd4 e5 25. Nf3 $14) 20. Rxd7 {
I decided to change the material balance, since the dark-squared bishop would
be restricted by White's pawns.} (20. Nxc3 $5 Ra7 21. Nd5 Rxc1 22. Rxc1 $14 {
was a good possibility as well.}) 20... Bb4 21. Rb7 {The opponent's rook is
always annoying on the 7th (or 2nd) rank.} Bc5 (21... Rcb8 22. Rxb8+ Rxb8 23.
Rc6 Kf8 24. Nf4 a5 $14) 22. Nf4 Rd8 ({I mainly considered} 22... Rab8 $5 23.
Rxb8 Rxb8 24. Nd3 Bd6 25. Rc6 Kf8 $14 {and White's pressure might be
neutralised by precise play.}) 23. Ke2 Rd6 $5 {GM Eric Hansen finds an
interesting tactical resource.} ({Perhaps, he was trying to avoid passive
positions like after} 23... Rab8 24. Rxb8 Rxb8 25. Nd3 Bd6 $14) 24. Nd3 $1 ({
Correctly refusing} 24. Rxe7 $6 Rad8 25. Rc2 g5 $1 26. Ng2 (26. Nh3 Rh6 27.
Rxc5 bxc5 28. Nxg5 Rxh2 $11) 26... Bb4 27. Rec7 Rd2+ 28. Kf3 h5 $44 {and Black
has reasonable compensation for a pawn due to the activity of all the pieces.})
24... Rad8 $2 {Surprisingly, this natural move leads to a very difficult
position.} ({This time, a passive strategy was called for:} 24... Ba3 25. Rc2
b5 (25... Rad8 26. Ne5 $16) 26. Ne5 Kf8 $14) 25. Nxc5 Rd2+ (25... bxc5 26. Rc2
Kf8 27. Rc7 $18 {looks hopeless for Black.}) 26. Ke1 bxc5 27. Rb8 $1 {That is
the point! White is just in time to exchage the active rook.} Rxb8 ({After} 
27... Rd1+ 28. Rxd1 Rxb8 29. Rd5 c4 (29... Rc8 30. Kd2 Kg7 31. Kc3 $18) 30.
bxc4 Rb2 31. Ra5 Rc2 32. Rxa6 Rxc4 33. Kd2 $18 {White's passed a-pawn should
decide the game.}) 28. Kxd2 Rd8+ $2 {This attempt to activate the rook is a
decisive mistake.} ({It's hard to say if White has a clear winning plan after:
} 28... Rc8 29. Rc4 Kf8 30. Kd3 ({Nothing is achieved by} 30. Ke2 Ke8 31. b4 $6
Kd7 32. bxc5 Kc6 $11) 30... Ke8 31. Ra4 Rc6 32. Kc4 Kd7 33. Ra5 Kd6 $16) 29.
Ke2 Rd5 ({Now it's too late for} 29... Rc8 30. b4 c4 31. Kd2 Kf8 32. Kc3 Ke8
33. Rd1 $18) 30. Rc4 {Being disappointed with his previous play, Eric resigned.
} ({This decision seems premature, although the position is lost:} 30. Rc4 f5 (
30... Kf8 31. e4 Re5 (31... Rd4 32. Rxd4 cxd4 33. e5 $18) (31... Rh5 32. h4 Ke8
33. Ke3 Kd7 34. Ra4 $18) 32. f4 Re6 33. Ke3 Rc6 34. b4 $18) 31. Ra4 Rd6 32. Ra5
Rc6 (32... c4 33. bxc4 Kf7 34. c5 Rc6 35. Kd3 Ke6 36. Kd4 Kd7 37. Kd5 $18) 33.
Kd3 Kf7 34. Kc4 $18 {Still, some technical work was required from White!}) 1-0